اكتمل التصدير — 

TDR (1988-)

محفوظ في:

التنسيق: دورية

اللغة: Undetermined

منشور في: JSTOR
Cambridge University Press

الموضوعات:

الوصول للمادة أونلاين: Login to view Source

الوسوم: إضافة وسم

لا توجد وسوم, كن أول من يضع وسما على هذه التسجيلة!

رقم الطلب:

LEADER 00494nas a2200169Ia 4500
008 220214c99999999xx |||||||||||| ||und||
022 |a 1054-2043 
022 |a 1531-4715 
245 0 0 |a TDR (1988-) 
264 1 |b JSTOR 
264 1 |b Cambridge University Press 
362 0 |a Vol. 32(1988)-59 (2015) 
653 1 0 |a Performing Arts 
856 4 0 |u https://www.jstor.org/journal/tdr1988 
942 |c JL 
952 |0 0  |1 0  |4 0  |7 1  |9 37419  |a JSR  |b JSR  |d 2022-02-14  |l 0  |r 2022-02-14 00:00:00  |w 2022-02-14  |y JL 
999 |c 45750  |d 45750